Problems of the viticultural industry /

Bibliographic Details
Main Author: Lyons, Alexander Victor, 1886-
Format: Book
Language:English
Published: Melbourne : H.J. Green, government printer, 1924.
Series:Australia. Institute of Science and Industry. Bulletin ; no. 28
Subjects:

MARC

Tag First Indicator Second Indicator Subfields
LEADER 00000cam a2200000 4500
001 in00000294113
005 20151010083029.0
008 790629s1924 at a 00010 eng d
010 |a agr25000496  
035 |a (OCoLC)05122496 
035 |9 ABF9695AM 
040 |a TXA  |c TXA  |d UtOrBLW 
049 |a TXAM  |c [57949] 
090 |a S381  |b .A25 no. 28 
100 1 |a Lyons, Alexander Victor,  |d 1886- 
245 1 0 |a Problems of the viticultural industry /  |c by A. V. Lyon. 
264 1 |a Melbourne :  |b H.J. Green, government printer,  |c 1924. 
300 |a 84 pages :  |b illustrations 
336 |a text  |b txt  |2 rdacontent 
337 |a unmediated  |b n  |2 rdamedia 
338 |a volume  |b nc  |2 rdacarrier 
490 1 |a Australia. Institute of Science and Industry. Bulletin ;  |v no. 28 
650 0 |a Viticulture  |z Australia. 
810 1 |a Institute of Science and Industry (Australia).  |t Bulletin ;  |v no. 28. 
999 |a MARS 
999 f f |s 16b21866-5b37-3662-8d6e-4325c71aa21e  |i 630b4be1-5dff-30ad-a125-5a02be6f907c  |t 0 
952 f f |p ric  |a Texas A&M University  |b Rellis Campus  |c Joint Library Facility  |d Remote Storage  |t 0  |e S381 .A25 no.28  |h Library of Congress classification  |i unmediated -- volume  |m A14805169377 
998 f f |a S381 .A25 no.28  |t 0  |l Remote Storage